000
00284nam a22001337a 4500
008
170719b xxu||||| |||| 00| 0 eng d
020
_a
9781405144384
041
_a
eng
080
_a
2
100
_a
24
101
_a
TEO
245
_a
THEOLOGY AND FILM
_c
DEACY, CH
942
_2
udc
_c
BK
999
_c
21610
_d
21610